000 03127nam a2200445 a 4500
001 7374
003 BD-DhEWU
005 20180201184815.0
008 140209s2012 enka g b 001 0 eng d
020 _a9781408041802 (pbk.)
035 _a(OCoLC)808491551
040 _aUkOxU
_beng
_cUkOxU
_dBD-DhEWU
041 _aeng
082 _a658.1511
_bDRM 2012
100 1 _aDrury, Colin.
_93559
245 1 0 _aManagement and cost accounting /
_cColin Drury.
250 _a8th ed.
260 _aAndover :
_bCengage Learning,
_cc2012.
300 _axxii, 783 p. :
_bill. ;
_c27 cm.
500 _aPrevious ed.: c2008.
504 _aIncludes bibliographical references (p. 681-686) and index.
505 _tTOC
_a Pt. 1. Introduction to management and cost accounting. 1. Introduction to management accounting ; 2. An introduction to cost terms and concepts -- pt. 2. Cost accumulation for inventory valuation and profit measurement. 3. Cost assignment ; 4. Accounting entries for a job costing system ; 5. Process costing ; 6. Joint and by-product costing ; 7. Income effects of alternative cost accumulation systems -- pt. 3. Information for decision-making. 8. Cost-volume-profit analysis ; 9. Measuring relevant costs and revenues for decision-making ; 10. Activity-based costing ; 11. Pricing decisions and profitability analysis ; 12. Decision-making under conditions of risk and uncertainty ; 13. Capital investment decisions : appraisal methods ; 14. Capital investment decisions : the input of capital rationing, taxation, inflation and risk -- pt. 4. Information for planning, control and performance measurement. 15. The budgeting process ; 16. Management control ; 17. Standard costing and variance analysis 1 ; 18. Standard costing and variance analysis 2 : further aspects ; 19. Divisional financial performance measures ; 20. Transfer pricing in divisionalized companies -- pt. 5. Strategic cost management and strategic management accounting. 21. Strategic cost management ; 22. Strategic management accounting -- pt. 6. The application of quantitative methods to management accounting. 23. Cost estimation and cost behaviour ; 24. Quantitative models for the planning and control of stocks ; 25. The application of linear programming to management accounting
526 _aBA
590 _aTahur Ahmed
650 0 _aManagerial accounting
_vTextbooks.
_93560
650 0 _aCost accounting
_vTextbooks.
_93561
856 _3WorldCat details
_uhttp://www.worldcat.org/title/management-and-cost-accounting/oclc/808491551&referer=brief_results
856 4 2 _3E-book Fulltext
_uhttp://lib.ewubd.edu/ebook/7374
942 _2ddc
_cTEXT
999 _c7374
_d7374
999 _c7374
_d7374